00341 2200145 4500001002100000005001500021035002000036245006200056300000700118260002600125082000800151084001200159990001200171990001200183INLIS00000000000219620250527012350 a0010-0525000488 aCatur dari Langkah Pertama Hingga Sekakmat /cDenial King a64 bIntan Pariwara,c2000 a700 a700 CAT a0713153 a0713154